| 000 | 00859nam a22002297a 4500 | ||
|---|---|---|---|
| 005 | 20180704143853.0 | ||
| 010 | _aENG-123374-75 | ||
| 020 |
_c375.00 _a10HE000049 (vol. 1) |
||
| 020 |
_c375.00 _a10HE000050 (vol. 2) |
||
| 035 | _aEN-106906-07 | ||
| 037 | _bDBAD/PUB | ||
| 082 | _a546 | ||
| 100 | _aRao, K Rama | ||
| 245 | 0 | 0 |
_aInorganic chemistry : _cby K Rama Rao _bfor JEE main & advanced / |
| 250 | _aRevised edition | ||
| 260 |
_aNew Delhi _bS. Chand and Company _c2018 |
||
| 270 |
_a7361, Ram Nagar, _bNew Delhi _e110055 |
||
| 300 |
_a2 vols. (various paging) _c27cm(pbk) _bill. |
||
| 500 | _aIt includes JEE Main 2017 paper, with solution, JEE advanced 2017 paper 1 with Solution, JEE advanced 2017 paper 2 with Solution, | ||
| 505 | _aVol. 1 - Part -1 and Part-2 Vol. 2 - Appendices | ||
| 942 |
_2ddc _cEN _mRAO _h546 |
||
| 999 |
_c153362 _d153362 |
||